A layman's guide to interpreting the bible/ (Record no. 9638)

MARC details
000 -LEADER
fixed length control field 00636nam a22002057a 4500
003 - CONTROL NUMBER IDENTIFIER
control field OSt
005 - DATE AND TIME OF LATEST TRANSACTION
control field 20260422011249.0
008 - FIXED-LENGTH DATA ELEMENTS--GENERAL INFORMATION
fixed length control field 260422b |||||||| |||| 00| 0 eng d
020 ## - INTERNATIONAL STANDARD BOOK NUMBER
International Standard Book Number 0-310-37701-3
040 ## - CATALOGING SOURCE
Original cataloging agency DWCL-Main lib
Transcribing agency OC
082 ## - DEWEY DECIMAL CLASSIFICATION NUMBER
Edition number rev. ed.
Classification number Circ. 220.6 H395l 1978
100 ## - MAIN ENTRY--PERSONAL NAME
Personal name Henrichnsen, Walter A.
245 ## - TITLE STATEMENT
Title A layman's guide to interpreting the bible/
Statement of responsibility, etc. Henrichnsen, Walter A.
260 ## - PUBLICATION, DISTRIBUTION, ETC.
Place of publication, distribution, etc. Michigan :
Name of publisher, distributor, etc. Zondervan Pub. House,
Date of publication, distribution, etc. c1978
300 ## - PHYSICAL DESCRIPTION
Extent 231 pages. ;
Dimensions 21 cm.
504 ## - BIBLIOGRAPHY, ETC. NOTE
Bibliography, etc. note Includes appendix
650 ## - SUBJECT ADDED ENTRY--TOPICAL TERM
Topical term or geographic name entry element 1. Bible - Henmenuetics
650 ## - SUBJECT ADDED ENTRY--TOPICAL TERM
Topical term or geographic name entry element 2. Bible - Study
942 ## - ADDED ENTRY ELEMENTS (KOHA)
Source of classification or shelving scheme Dewey Decimal Classification
Koha item type Book Circulation
Classification part Circ.
Suppress in OPAC No
952 ## - LOCATION AND ITEM INFORMATION (KOHA)
--
Holdings
Withdrawn status Lost status Source of classification or shelving scheme Damaged status Not for loan Home library Current library Shelving location Date acquired Cost, normal purchase price Total Checkouts Full call number Barcode Date last seen Copy number Price effective from Koha item type Uniform Resource Identifier
    Dewey Decimal Classification     College Library College Library Circulation 07/08/2004 295.00   Circ. 220.6 H395l 1978 CL40382 04/22/2026 c1 04/22/2026 BK-CIRC